| 000 | 01715namaa22003491i 4500 | ||
|---|---|---|---|
| 003 | EG-GICUC | ||
| 005 | 20260224081950.0 | ||
| 008 | 260224s1998 ts ah||jr|||| 000 0 ara d | ||
| 040 |
_aEG-GiCUC _bara _cEG-GiCUC _dEG-GiCUC _erda |
||
| 082 | 0 | 4 |
_221 _a811.9 _bY35 |
| 092 | 0 | 4 |
_221 _a811.9 _bY35 |
| 099 | _a811.9 Y35 1998 | ||
| 100 | 1 |
_aيزيدي، محمد بن العباس _d922 923او842 843- او _eمؤلف. |
|
| 245 | 1 |
_aشرح نقائض جرير والفرزدق / _cبرواية أبى عبد الله اليزيدى، عن أبى سعيد السكرى، عن ابن حبيب، عن أبى عبيدة ؛ تحقيق الدكتور محمد ابراهيم حور، الدكتور وليد محمود خالص |
|
| 250 | _aالطبعة الثانية | ||
| 264 |
_aأبوظبى ( الامارات العربية المتحدة ) : _bمنشورات المجمع الثقافى، _c1998 |
||
| 300 |
_a: 3 مجلدات _bإيضاحيات، مثيليات ؛ _c22 سم |
||
| 336 |
_2rdacontent _atext |
||
| 337 |
_2rdamedia _aUnmediated |
||
| 338 |
_2rdacarrier _avolume |
||
| 504 | _aيشتمل على ارجاعات ببليوجرافية وكشافات | ||
| 541 |
_aد. جابر عصفور ؛ _bالقاهرة ؛ _cإهداء ؛ _d2024. |
||
| 600 |
_aالفرزدق، _dحو641-حو728 _tنقائض _xنقد وتفسير |
||
| 600 |
_aجرير بن عطيه، _dت.728؟ _xنقد وتفسير |
||
| 650 | 1 | 7 |
_aالشعر العربى _xتاريخ ونقد _2qrmak |
| 650 | 1 | 7 |
_aشعر الهجاء العربى _2qrmak |
| 651 | 1 | _2qrmak | |
| 700 | 1 |
_aحور، محمد ابراهيم _eمحقق. |
|
| 700 | 1 |
_aخالص، وليد محمود _eمحقق. |
|
| 905 | _aHuda | ||
| 942 |
_2ddc _cBK _e21 _n0 |
||
| 999 |
_c178679 _d178679 |
||